000 00682nam a22002297a 4500
999 _c52951
_d52951
005 20221215105058.0
008 110616t xxu||||| |||| 00| 0 eng d
010 _aENG-102619 ENG-135867
020 _c200.00
_a8188322555
035 _aEN-86152 ,B-166089
035 _aEN-119399
037 _bDBAD / PUB
040 _adpl
_bEnglish
082 _a230.42
100 _928493
_aNarayan, Arvind
245 _aLet us learn meditation /
_cby Arvind Narayan
260 _aNew Delhi
_bOcean Books
_c2011
270 _a4/19, Asaf Ali Road
_bNew Delhi
_e110002
300 _a183p.
_c22cm (Hb)
942 _2ddc
_cEN
_mNAR
_h230.42